[Event "Moscow Aeroflot op-A"]
[Site "Moscow"]
[Date "2020.02.24"]
[Round "6"]
[White "Sychev, Klementy"]
[Black "Svane, Rasmus"]
[Result "1/2-1/2"]
[WhiteElo "2563"]
[BlackElo "2608"]
[PlyCount "77"]
[EventDate "2020.02.19"]
[EventType "swiss"]
[EventRounds "9"]
[EventCountry "RUS"]
[SourceTitle "CBM 195"]
[Source "ChessBase"]
[SourceDate "2020.04.30"]
[SourceVersion "1"]
[SourceVersionDate "2020.04.30"]
[SourceQuality "1"]

1. e4 e5 2. Nf3 Nc6 3. Bc4 Nf6 4. d3 Bc5 5. c3 a6 6. O-O d6 7. a4 h6 8. a5 O-O
9. h3 Ba7 10. Be3 d5 11. exd5 Nxd5 12. Bxa7 Rxa7 13. Re1 Nf4 14. Nxe5 Qg5 15.
Ng4 h5 16. Ne3 Ne5 17. Nd2 Nxc4 18. dxc4 Rd8 19. Kh2 Bxh3 20. Ne4 Qh4 21. g3
Rxd1 22. gxh4 Rxa1 23. Rxa1 Bg4 24. Nxg4 hxg4 25. Rd1 Ne6 26. Ng5 Nxg5 27. Rd8+
Kh7 28. hxg5 b6 29. axb6 cxb6 30. Rd6 Rb7 31. Kg3 a5 32. Kxg4 b5 33. c5 b4 34.
c6 Rb5 35. c4 Rc5 36. b3 a4 37. bxa4 b3 38. Rd3 Rxc6 39. Rxb3 1/2-1/2

[Event "Moscow Aeroflot op-A"]
[Site "Moscow"]
[Date "2020.02.24"]
[Round "6"]
[White "Vignesh, NR."]
[Black "Sadhwani, Raunak"]
[Result "0-1"]
[WhiteElo "2436"]
[BlackElo "2522"]
[PlyCount "78"]
[EventDate "2020.02.19"]
[EventType "swiss"]
[EventRounds "9"]
[EventCountry "RUS"]
[SourceTitle "CBM 195"]
[Source "ChessBase"]
[SourceDate "2020.04.30"]
[SourceVersion "1"]
[SourceVersionDate "2020.04.30"]
[SourceQuality "1"]

1. d4 f5 2. Nf3 Nf6 3. g3 g6 4. Bg2 Bg7 5. O-O O-O 6. c4 d6 7. Nc3 c6 8. Re1
Na6 9. b3 Qc7 10. Ba3 Qa5 11. Qc1 Bd7 12. e4 fxe4 13. Nxe4 Nxe4 14. Rxe4 Rae8
15. Bb2 Bf5 16. Bc3 Qb6 17. Re2 Bg4 18. Qe3 e5 19. c5 exd4 20. Qxe8 Qxc5 21.
Bb2 Rxe8 22. Rxe8+ Kf7 23. Re4 Bxf3 24. Bxf3 Nb4 25. Rd1 Nc2 26. Bg4 Be5 27.
Rd3 Qd5 28. Bf3 Qa5 29. a3 Ne1 30. b4 Qb5 31. Rb3 Qc4 32. Bd1 Nd3 33. Ba1 Kg7
34. f4 d5 35. Re2 Nc1 36. Rxe5 Nxb3 37. Bb2 Qd3 38. Bxb3 Qb1+ 39. Bd1 Qxb2 0-1

[Event "Moscow Aeroflot op-A"]
[Site "Moscow"]
[Date "2020.02.24"]
[Round "6"]
[White "Visakh, NR."]
[Black "Rakhmanov, Alexander"]
[Result "1/2-1/2"]
[WhiteElo "2518"]
[BlackElo "2645"]
[PlyCount "59"]
[EventDate "2020.02.19"]
[EventType "swiss"]
[EventRounds "9"]
[EventCountry "RUS"]
[SourceTitle "CBM 195"]
[Source "ChessBase"]
[SourceDate "2020.04.30"]
[SourceVersion "1"]
[SourceVersionDate "2020.04.30"]
[SourceQuality "1"]

1. d4 d5 2. c4 e6 3. Nf3 Nf6 4. Nc3 a6 5. c5 b6 6. cxb6 cxb6 7. Bf4 Bd6 8. e3
Bxf4 9. exf4 O-O 10. Bd3 Nc6 11. O-O Qd6 12. g3 Bd7 13. Rc1 Rfc8 14. Re1 b5 15.
Bb1 Ne7 16. Ne5 b4 17. Ne2 Bb5 18. Rxc8+ Rxc8 19. Nc1 Qb6 20. Qd2 a5 21. f3 Bc4
22. Kg2 Nc6 23. Nxc6 Qxc6 24. g4 Nd7 25. f5 Nf8 26. fxe6 Nxe6 27. Bf5 Re8 28.
Bxe6 Rxe6 29. Rxe6 Qxe6 30. Nb3 1/2-1/2

[Event "Moscow Aeroflot op-A"]
[Site "Moscow"]
[Date "2020.02.24"]
[Round "6"]
[White "Wagner, Dennis"]
[Black "Maghsoodloo, Parham"]
[Result "0-1"]
[WhiteElo "2590"]
[BlackElo "2674"]
[PlyCount "114"]
[EventDate "2020.02.19"]
[EventType "swiss"]
[EventRounds "9"]
[EventCountry "RUS"]
[SourceTitle "CBM 195"]
[Source "ChessBase"]
[SourceDate "2020.04.30"]
[SourceVersion "1"]
[SourceVersionDate "2020.04.30"]
[SourceQuality "1"]

1. d4 Nf6 2. c4 e6 3. Nf3 d5 4. Nc3 Bb4 5. Qa4+ Nc6 6. e3 Bd7 7. Qc2 O-O 8. a3
Bxc3+ 9. Qxc3 a5 10. b3 Ne4 11. Qc2 f5 12. Bd3 Be8 13. Bb2 Bg6 14. O-O f4 15.
Rae1 Qe7 16. exf4 Rxf4 17. Nd2 Nxd2 18. Qxd2 Bxd3 19. Qxf4 Qf7 20. Qxf7+ Kxf7
21. cxd5 exd5 22. Re3 Bxf1 23. Kxf1 a4 24. b4 Na7 25. Rf3+ Kg8 26. Rf5 Rd8 27.
Re5 Kf7 28. Ke2 g6 29. Kd3 h5 30. Bc1 Rd6 31. f3 Nb5 32. h3 c6 33. Re2 h4 34.
Re1 Re6 35. Rxe6 Kxe6 36. Ke3 Kf5 37. Kd3 Nc7 38. Ke2 g5 39. Kf2 b6 40. g4+
hxg3+ 41. Kxg3 Nb5 42. Bb2 Nd6 43. Bc1 Nc4 44. Kf2 Kg6 45. Kg3 Nd6 46. f4 Nf5+
47. Kg4 gxf4 48. Bb2 f3 49. Kxf3 Kg5 50. Bc1+ Kh4 51. Kf4 Nxd4 52. Ke5 Nb5 53.
Ke6 Nxa3 54. Kd6 Nc4+ 55. Kxc6 a3 56. Bxa3 Nxa3 57. Kxd5 b5 0-1

[Event "Moscow Aeroflot op-A"]
[Site "Moscow"]
[Date "2020.02.24"]
[Round "6"]
[White "Yilmaz, Mustafa"]
[Black "Riazantsev, Alexander"]
[Result "1-0"]
[WhiteElo "2607"]
[BlackElo "2639"]
[PlyCount "181"]
[EventDate "2020.02.19"]
[EventType "swiss"]
[EventRounds "9"]
[EventCountry "RUS"]
[SourceTitle "CBM 195"]
[Source "ChessBase"]
[SourceDate "2020.04.30"]
[SourceVersion "1"]
[SourceVersionDate "2020.04.30"]
[SourceQuality "1"]

1. d4 d5 2. c4 e6 3. Nf3 Nf6 4. Nc3 Bb4 5. Bg5 h6 6. Bxf6 Qxf6 7. Qa4+ Nc6 8.
e3 O-O 9. Rc1 Rd8 10. Be2 dxc4 11. Qb5 Bd6 12. Qxc4 Qe7 13. a3 e5 14. d5 Nb8
15. Nd2 Nd7 16. O-O a6 17. Nde4 Nf8 18. Nxd6 cxd6 19. Qb4 b5 20. Qa5 Bb7 21. a4
Nh7 22. axb5 axb5 23. Qb4 Nf6 24. e4 Ba6 25. Ra1 Qb7 26. Ra5 Ne8 27. Nd1 Rdc8
28. Ne3 g6 29. Rfa1 Qb6 30. h4 h5 31. Bxb5 Nc7 32. Nc4 Qd4 33. Rxa6 Rxa6 34.
Bxa6 Nxa6 35. Rxa6 Qxc4 36. Qxc4 Rxc4 37. f3 Rb4 38. Rxd6 Kf8 39. Ra6 Rxb2 40.
Ra8+ Ke7 41. Ra7+ Kf6 42. Ra8 Ke7 43. Ra7+ Kf6 44. Ra3 Rd2 45. Kh2 Ke7 46. Kh3
Rd1 47. g4 hxg4+ 48. Kxg4 Rg1+ 49. Kh3 Rh1+ 50. Kg3 Rg1+ 51. Kh2 Rd1 52. Ra6
Rd2+ 53. Kg3 Rd1 54. Ra2 Rd4 55. Ra7+ Kf6 56. Ra6+ Kg7 57. Ra7 Kf6 58. Ra8 Ke7
59. Ra6 Rd1 60. Ra8 Rd4 61. h5 gxh5 62. Rh8 f6 63. Rxh5 Kf7 64. Kf2 Rd2+ 65.
Ke3 Ra2 66. Rh7+ Ke8 67. Rb7 Ra4 68. Kd3 Rd4+ 69. Ke2 Ra4 70. Ke3 Rc4 71. Ra7
Rb4 72. Ra6 Kf7 73. Ra7+ Ke8 74. Rh7 Rb2 75. Rh1 Ke7 76. Rd1 Ra2 77. Rd2 Ra4
78. Kf2 f5 79. Ke3 Ra3+ 80. Rd3 Ra2 81. d6+ Kd7 82. exf5 Ra4 83. Rd5 Rh4 84.
Rxe5 Kxd6 85. Re4 Rh8 86. Kf4 Rf8 87. Kg5 Rg8+ 88. Kh6 Rf8 89. Kg6 Rg8+ 90. Kf7
Rg3 91. Re3 1-0

[Event "Moscow Aeroflot op-A"]
[Site "Moscow"]
[Date "2020.02.24"]
[Round "6"]
[White "Zanan, Evgeny"]
[Black "Zhou, Jianchao"]
[Result "0-1"]
[WhiteElo "2500"]
[BlackElo "2622"]
[PlyCount "50"]
[EventDate "2020.02.19"]
[EventType "swiss"]
[EventRounds "9"]
[EventCountry "RUS"]
[SourceTitle "CBM 195"]
[Source "ChessBase"]
[SourceDate "2020.04.30"]
[SourceVersion "1"]
[SourceVersionDate "2020.04.30"]
[SourceQuality "1"]

1. e4 c5 2. Nf3 d6 3. d4 cxd4 4. Nxd4 Nf6 5. Nc3 a6 6. Bg5 e6 7. f4 h6 8. Bh4
Qb6 9. a3 Be7 10. Bf2 Qc7 11. Qf3 b5 12. O-O-O Bb7 13. g4 d5 14. e5 Ne4 15. Be1
Nc6 16. Nxc6 Bxc6 17. Nxe4 dxe4 18. Qe3 a5 19. Bg2 b4 20. Bxe4 bxa3 21. Qc3 a2
22. Bxc6+ Kf8 23. b3 Ba3+ 24. Kd2 Bb4 25. Qxb4+ axb4 0-1

[Event "Moscow Aeroflot op-A"]
[Site "Moscow"]
[Date "2020.02.24"]
[Round "6"]
[White "Zarubitski, Viachaslau"]
[Black "Kulaots, Kaido"]
[Result "1/2-1/2"]
[WhiteElo "2432"]
[BlackElo "2510"]
[PlyCount "134"]
[EventDate "2020.02.19"]
[EventType "swiss"]
[EventRounds "9"]
[EventCountry "RUS"]
[SourceTitle "CBM 195"]
[Source "ChessBase"]
[SourceDate "2020.04.30"]
[SourceVersion "1"]
[SourceVersionDate "2020.04.30"]
[SourceQuality "1"]

1. e4 c5 2. c3 d5 3. exd5 Qxd5 4. d4 g6 5. Nf3 Bg7 6. Na3 cxd4 7. Nb5 Qd8 8.
Bf4 Na6 9. Nbxd4 Nf6 10. Bc4 O-O 11. O-O Nc5 12. Re1 a6 13. a4 Bd7 14. a5 Rc8
15. Ne5 Be8 16. Qf3 Nh5 17. Bg5 Qc7 18. Ng4 e5 19. Nc2 Kh8 20. Nf6 e4 21. Nxe8
Rcxe8 22. Qh3 Ne6 23. Bxe6 Rxe6 24. f3 Re5 25. Be3 Rxa5 26. Rxa5 Qxa5 27. fxe4
Qb5 28. Bc1 Nf6 29. Nd4 Qb6 30. e5 Nd5 31. Qd7 Nb4 32. Rf1 Nd3 33. Be3 Nxe5 34.
Qe7 Kg8 35. Nf5 Qd8 36. Qxd8 Rxd8 37. Bg5 f6 38. Nxg7 fxg5 39. Ne6 Re8 40. Nxg5
Nc4 41. b3 Nd2 42. Rd1 Nxb3 43. Rd7 Nc5 44. Rc7 b6 45. Nf7 Re1+ 46. Kf2 Rd1 47.
Nh6+ Kf8 48. Rxh7 Ne4+ 49. Ke3 Nxc3 50. Ng4 b5 51. Ra7 Rd6 52. Ne5 Nd5+ 53. Kd4
Nf4+ 54. Ke4 Nxg2 55. Nd7+ Ke7 56. Nc5+ Kf6 57. Rxa6 Rxa6 58. Nxa6 Kg5 59. Nc7
b4 60. Kd4 Nf4 61. Kc4 Kh4 62. Kxb4 Kh3 63. Ne8 Kxh2 64. Nf6 Nh5 65. Nh7 Kg3
66. Kc4 Kf4 67. Nf8 Ke5 1/2-1/2

[Event "Moscow Aeroflot op-A"]
[Site "Moscow"]
[Date "2020.02.25"]
[Round "7"]
[White "Abdumalik, Zhansaya"]
[Black "Vignesh, NR."]
[Result "1/2-1/2"]
[WhiteElo "2471"]
[BlackElo "2436"]
[PlyCount "156"]
[EventDate "2020.02.19"]
[EventType "swiss"]
[EventRounds "9"]
[EventCountry "RUS"]
[SourceTitle "CBM 195"]
[Source "ChessBase"]
[SourceDate "2020.04.30"]
[SourceVersion "1"]
[SourceVersionDate "2020.04.30"]
[SourceQuality "1"]

1. e4 c5 2. Nc3 d6 3. f4 Nc6 4. Nf3 g6 5. Bc4 Bg7 6. O-O e6 7. d4 cxd4 8. Nb5
Nge7 9. Bb3 O-O 10. Nbxd4 Na5 11. c3 Nxb3 12. axb3 e5 13. Ne2 Bg4 14. h3 Qb6+
15. Kh1 Bxf3 16. Rxf3 Qc6 17. f5 d5 18. exd5 Nxd5 19. Ng3 Rfe8 20. Ra4 b5 21.
Re4 Nf6 22. Re1 e4 23. Rf2 Rad8 24. Rd2 Rxd2 25. Qxd2 Bf8 26. b4 Bd6 27. Qg5
Bxg3 28. Qxg3 Nh5 29. Qg4 Qd6 30. Kg1 a6 31. Be3 Ng3 32. fxg6 hxg6 33. Bf2 Nf5
34. Rxe4 Rxe4 35. Qxe4 Qd1+ 36. Qe1 Qd6 37. Qa1 Qd2 38. Qb1 Nd6 39. Qe1 Qd5 40.
Bd4 Ne4 41. Qh4 f6 42. Qg4 Kf7 43. h4 Qe6 44. Qf4 g5 45. hxg5 Nxg5 46. b3 Nh7
47. Qh6 Qf5 48. Kh2 Ng5 49. Qh5+ Kg7 50. Qh4 Kg6 51. c4 bxc4 52. bxc4 Qc2 53.
Qf4 Qxc4 54. Qxf6+ Kh5 55. Qf4 Kg6 56. Qd6+ Qe6 57. Qg3 Qe2 58. Qd6+ Kf5 59.
Qf6+ Kg4 60. Bf2 Qd3 61. Qd4+ Qxd4 62. Bxd4 Ne6 63. Bb6 Nf4 64. Kg1 Nd3 65. Ba5
Kf5 66. Kf1 Kg4 67. Ke2 Nf4+ 68. Kf2 Nd5 69. g3 Nc3 70. Bc7 Nd5 71. Bd6 Nc3 72.
Bf4 Nd5 73. Bd2 Nc7 74. Be1 Nd5 75. Bd2 Nc7 76. Ke3 Nd5+ 77. Kd4 Nxb4 78. Bxb4
Kxg3 1/2-1/2

[Event "Moscow Aeroflot op-A"]
[Site "Moscow"]
[Date "2020.02.25"]
[Round "7"]
[White "Aditya, Mittal"]
[Black "Wagner, Dennis"]
[Result "1/2-1/2"]
[WhiteElo "2427"]
[BlackElo "2590"]
[PlyCount "109"]
[EventDate "2020.02.19"]
[EventType "swiss"]
[EventRounds "9"]
[EventCountry "RUS"]
[SourceTitle "CBM 195"]
[Source "ChessBase"]
[SourceDate "2020.04.30"]
[SourceVersion "1"]
[SourceVersionDate "2020.04.30"]
[SourceQuality "1"]

1. d4 Nf6 2. c4 e6 3. Nc3 Bb4 4. f3 c5 5. d5 b5 6. e4 d6 7. Bd3 O-O 8. Nge2
bxc4 9. Bxc4 exd5 10. Bxd5 Nxd5 11. Qxd5 Be6 12. Qd1 d5 13. exd5 Bxd5 14. a3
Bxc3+ 15. Nxc3 Qh4+ 16. g3 Qe7+ 17. Qe2 Be6 18. O-O Nc6 19. Be3 Rfe8 20. Qf2 c4
21. Bf4 Rad8 22. Rad1 Rd3 23. Ne4 Red8 24. Rxd3 cxd3 25. Qc5 Qb7 26. Nd6 Qxb2
27. Qxc6 Bh3 28. Rf2 Qa1+ 29. Qc1 Qxc1+ 30. Bxc1 Rxd6 31. Rb2 h5 32. Kf2 a6 33.
Be3 Rc6 34. Bd2 f6 35. Rb4 Bf5 36. Rf4 Rc5 37. Ra4 Rc2 38. Ke3 Rc6 39. Kf2 Kf7
40. Ra5 Kg6 41. Rd5 Rb6 42. h4 Re6 43. Be3 Re5 44. Rxe5 fxe5 45. Bd2 Kf6 46.
Bc3 Ke6 47. Ke3 Kd5 48. Kd2 g6 49. Bb2 e4 50. fxe4+ Kxe4 51. Bf6 Kf3 52. Be5
Kg4 53. Bf4 g5 54. Bxg5 Kxg3 55. Be7 1/2-1/2

[Event "Moscow Aeroflot op-A"]
[Site "Moscow"]
[Date "2020.02.25"]
[Round "7"]
[White "Aravindh, Chithambaram VR"]
[Black "Bharath, Subramaniyam H"]
[Result "1-0"]
[WhiteElo "2630"]
[BlackElo "2402"]
[PlyCount "63"]
[EventDate "2020.02.19"]
[EventType "swiss"]
[EventRounds "9"]
[EventCountry "RUS"]
[SourceTitle "CBM 195"]
[Source "ChessBase"]
[SourceDate "2020.04.30"]
[SourceVersion "1"]
[SourceVersionDate "2020.04.30"]
[SourceQuality "1"]

1. d4 Nf6 2. c4 e6 3. Nc3 d5 4. cxd5 exd5 5. Bg5 Be7 6. e3 O-O 7. Bd3 Re8 8.
Qc2 h6 9. Bh4 c5 10. Nge2 Nc6 11. O-O c4 12. Bf5 Nb4 13. Qb1 Bxf5 14. Qxf5 g6
15. Qh3 Kg7 16. Bxf6+ Bxf6 17. Qf3 Re6 18. Nf4 Rb6 19. Rab1 Rd6 20. a3 Nd3 21.
Nfxd5 Rb8 22. a4 a6 23. b3 b5 24. bxc4 bxc4 25. Rxb8 Qxb8 26. Ne4 Rxd5 27.
Qxf6+ Kg8 28. Qxa6 Nb4 29. Qxc4 Ra5 30. Rb1 Rxa4 31. Nc3 Ra3 32. Nd5 1-0

[Event "Moscow Aeroflot op-A"]
[Site "Moscow"]
[Date "2020.02.25"]
[Round "7"]
[White "Artemiev, Vladislav"]
[Black "Sanal, Vahap"]
[Result "1-0"]
[WhiteElo "2728"]
[BlackElo "2569"]
[PlyCount "85"]
[EventDate "2020.02.19"]
[EventType "swiss"]
[EventRounds "9"]
[EventCountry "RUS"]
[SourceTitle "CBM 195"]
[Source "ChessBase"]
[SourceDate "2020.04.30"]
[SourceVersion "1"]
[SourceVersionDate "2020.04.30"]
[SourceQuality "1"]

1. c4 Nf6 2. g3 e5 3. Bg2 g6 4. d4 exd4 5. Qxd4 Nc6 6. Qe3+ Ne7 7. Nc3 Bg7 8.
Qd2 O-O 9. e4 d6 10. Nge2 Ng4 11. h3 Ne5 12. b3 f5 13. Bb2 fxe4 14. Nxe4 Nd3+
15. Qxd3 Bxb2 16. Rd1 Bg7 17. O-O Kh8 18. Nf4 Bf5 19. Qe3 Nc6 20. c5 Be5 21.
cxd6 Bxe4 22. dxc7 Qxc7 23. Ne6 Qf7 24. Ng5 Qg7 25. Qxe4 Rae8 26. Qc4 Nd4 27.
Rfe1 h6 28. Ne4 Rc8 29. Qd3 Rfd8 30. Rd2 Qf8 31. Red1 Bg7 32. Qe3 Qb4 33. Kh2
a5 34. Nf6 Qd6 35. Nd5 Nf5 36. Qe4 Re8 37. Qf3 b6 38. Nf4 Qf6 39. Rd5 Rf8 40.
Qg4 Kh7 41. Be4 Rc5 42. Rxc5 bxc5 43. Rd7 1-0

[Event "Moscow Aeroflot op-A"]
[Site "Moscow"]
[Date "2020.02.25"]
[Round "7"]
[White "Buksa, Nataliya"]
[Black "Iljiushenok, Ilia"]
[Result "1/2-1/2"]
[WhiteElo "2403"]
[BlackElo "2519"]
[PlyCount "106"]
[EventDate "2020.02.19"]
[EventType "swiss"]
[EventRounds "9"]
[EventCountry "RUS"]
[SourceTitle "CBM 195"]
[Source "ChessBase"]
[SourceDate "2020.04.30"]
[SourceVersion "1"]
[SourceVersionDate "2020.04.30"]
[SourceQuality "1"]

1. e4 e6 2. d4 d5 3. Nd2 c5 4. Ngf3 cxd4 5. Nxd4 Nf6 6. exd5 Qxd5 7. Nb5 Na6 8.
Nc3 Qd6 9. a3 Bd7 10. Qf3 Bc6 11. Qg3 Qxg3 12. hxg3 Nc7 13. Nc4 Ncd5 14. Bd2
Bc5 15. Ne5 Nxc3 16. Bxc3 Bd5 17. f3 Ke7 18. Bd3 Rac8 19. Ke2 h6 20. Rh4 b6 21.
Ng4 Ne8 22. Ne3 Bc6 23. Bb4 Nf6 24. Bxc5+ bxc5 25. b4 Rb8 26. bxc5 Rhc8 27. Rb4
a5 28. Rxb8 Rxb8 29. Nc4 Rb5 30. Ne5 Rxc5 31. Nxc6+ Rxc6 32. Rb1 Nd5 33. Rb7+
Rc7 34. Rb8 Rc3 35. Rb3 Kd6 36. Kd2 Rxb3 37. cxb3 Kc5 38. Be4 Nc7 39. Bd3 Kd4
40. Bc4 f6 41. g4 e5 42. g3 g5 43. Be2 Nd5 44. Bf1 Ne3 45. Be2 Nd5 46. Bf1 Ne7
47. Bd3 Nc6 48. Be4 Nd8 49. Bd3 Nb7 50. Be4 Nc5 51. Bc2 Ne6 52. Bf5 Nc7 53. Bd3
Nd5 1/2-1/2

[Event "Moscow Aeroflot op-A"]
[Site "Moscow"]
[Date "2020.02.25"]
[Round "7"]
[White "Can, Emre"]
[Black "Radovanovic, Mihajlo"]
[Result "0-1"]
[WhiteElo "2600"]
[BlackElo "2458"]
[PlyCount "88"]
[EventDate "2020.02.19"]
[EventType "swiss"]
[EventRounds "9"]
[EventCountry "RUS"]
[SourceTitle "CBM 195"]
[Source "ChessBase"]
[SourceDate "2020.04.30"]
[SourceVersion "1"]
[SourceVersionDate "2020.04.30"]
[SourceQuality "1"]

1. d4 Nf6 2. c4 g6 3. Nc3 Bg7 4. e4 d6 5. Be2 O-O 6. Nf3 e5 7. O-O Na6 8. Be3
c6 9. Re1 Re8 10. d5 Ng4 11. Bc1 c5 12. h3 Nh6 13. Bd3 f6 14. a3 Nf7 15. Qc2
Bd7 16. Bd2 Rf8 17. Rab1 Qc8 18. Nb5 Nc7 19. b4 Nxb5 20. cxb5 cxb4 21. Qb3 bxa3
22. Qxa3 f5 23. Rec1 Qd8 24. Ba5 b6 25. Bd2 f4 26. Be2 Bf6 27. Rc2 Qb8 28. Ne1
h5 29. Nd3 Qe8 30. Qa6 Bc8 31. Qa1 Bh4 32. Nb4 Ng5 33. f3 Qe7 34. Kf1 Bxh3 35.
Be1 Nxe4 36. gxh3 Qd7 37. Kg1 Qxh3 38. Bf1 Qxf3 39. Bxh4 Qg4+ 40. Rg2 Qxh4 41.
Rbb2 Ng3 42. Qe1 Qh1+ 43. Kf2 e4 44. Nc2 Rae8 0-1

[Event "Moscow Aeroflot op-A"]
[Site "Moscow"]
[Date "2020.02.25"]
[Round "7"]
[White "Chigaev, Maksim"]
[Black "Krishna, CRG."]
[Result "1/2-1/2"]
[WhiteElo "2616"]
[BlackElo "2443"]
[PlyCount "77"]
[EventDate "2020.02.19"]
[EventType "swiss"]
[EventRounds "9"]
[EventCountry "RUS"]
[SourceTitle "CBM 195"]
[Source "ChessBase"]
[SourceDate "2020.04.30"]
[SourceVersion "1"]
[SourceVersionDate "2020.04.30"]
[SourceQuality "1"]

1. e4 e6 2. d4 d5 3. Nd2 Nf6 4. e5 Nfd7 5. c3 c5 6. f4 Nc6 7. Ngf3 a5 8. a4
cxd4 9. cxd4 Qb6 10. Nb3 f6 11. Bd3 Bb4+ 12. Ke2 Be7 13. Be3 Nb4 14. Bb5 O-O
15. Kf2 Qd8 16. Re1 Nb6 17. exf6 Bxf6 18. Nc5 Nc4 19. b3 b6 20. Nd3 Nxd3+ 21.
Qxd3 Nd6 22. Kg1 Nxb5 23. Qxb5 Ba6 24. Qc6 Re8 25. Qc2 Rc8 26. Qb2 Bd3 27. Rac1
Be4 28. Ne5 h6 29. h3 Qe7 30. Kh2 Qb7 31. b4 axb4 32. Qxb4 Bxe5 33. dxe5 d4 34.
Qxd4 Bxg2 35. Rg1 Rxc1 36. Bxc1 Be4 37. f5 Bxf5 38. Bxh6 Re7 39. Bxg7 1/2-1/2

[Event "Moscow Aeroflot op-A"]
[Site "Moscow"]
[Date "2020.02.25"]
[Round "7"]
[White "Deac, Bogdan Daniel"]
[Black "Badelka, Olga"]
[Result "1-0"]
[WhiteElo "2626"]
[BlackElo "2404"]
[PlyCount "99"]
[EventDate "2020.02.19"]
[EventType "swiss"]
[EventRounds "9"]
[EventCountry "RUS"]
[SourceTitle "CBM 195"]
[Source "ChessBase"]
[SourceDate "2020.04.30"]
[SourceVersion "1"]
[SourceVersionDate "2020.04.30"]
[SourceQuality "1"]

1. d4 Nf6 2. c4 e6 3. Nf3 d5 4. Nc3 dxc4 5. Qa4+ c6 6. Qxc4 b5 7. Qd3 Nbd7 8.
e4 a6 9. Be2 Be7 10. O-O Bb7 11. e5 Nd5 12. Nxd5 cxd5 13. Bd2 O-O 14. Rfc1 Qb6
15. Bg5 Rfe8 16. Bxe7 Rxe7 17. Rc2 f6 18. Qe3 Ree8 19. Rac1 Rac8 20. exf6 gxf6
21. Qh6 Rxc2 22. Rxc2 Qd6 23. Bd3 Re7 24. h4 Rf7 25. g3 Nb8 26. Qh5 Nc6 27. a3
Qe7 28. Rc1 Rg7 29. Qh6 Nd8 30. Qf4 Nc6 31. Re1 h5 32. Bf5 Bc8 33. Kh2 Nd8 34.
Qh6 Qf7 35. Bh3 Bd7 36. Qf4 Qe7 37. Qc7 Be8 38. Qb6 Bg6 39. Bxe6+ Nxe6 40. Rxe6
Qc7 41. Rxf6 Qxb6 42. Rxb6 Be4 43. Rb8+ Kh7 44. Ng5+ Kg6 45. f3 Bb1 46. Rb6+
Kf5 47. Rxa6 Rc7 48. Rd6 Ba2 49. Kh3 Bc4 50. g4+ 1-0

[Event "Moscow Aeroflot op-A"]
[Site "Moscow"]
[Date "2020.02.25"]
[Round "7"]
[White "Frolyanov, Dmitry"]
[Black "Martirosyan, Haik M"]
[Result "1/2-1/2"]
[WhiteElo "2556"]
[BlackElo "2630"]
[PlyCount "81"]
[EventDate "2020.02.19"]
[EventType "swiss"]
[EventRounds "9"]
[EventCountry "RUS"]
[SourceTitle "CBM 195"]
[Source "ChessBase"]
[SourceDate "2020.04.30"]
[SourceVersion "1"]
[SourceVersionDate "2020.04.30"]
[SourceQuality "1"]

1. e4 e6 2. d4 d5 3. Nc3 Bb4 4. e5 c5 5. a3 Ba5 6. Qg4 Ne7 7. dxc5 Bxc3+ 8.
bxc3 O-O 9. Bd3 Nd7 10. Nf3 Nf5 11. O-O Nxc5 12. a4 b6 13. Ba3 Re8 14. Bxc5
bxc5 15. c4 dxc4 16. Qxc4 Bb7 17. Be4 Bxe4 18. Qxe4 Qd5 19. Rfe1 Rab8 20. Rad1
Qxe4 21. Rxe4 Red8 22. Rxd8+ Rxd8 23. Kf1 Kf8 24. Rc4 Rd5 25. Rc3 h6 26. Rb3 g5
27. Rb7 Nd4 28. c4 Rd8 29. Rxa7 Nxf3 30. gxf3 Rd4 31. a5 Rxc4 32. Rc7 Rc2 33.
a6 Kg7 34. a7 Ra2 35. Ke1 c4 36. Kd1 c3 37. Kc1 c2 38. Kd2 Kg6 39. Re7 h5 40.
h3 h4 41. Rc7 1/2-1/2

[Event "Moscow Aeroflot op-A"]
[Site "Moscow"]
[Date "2020.02.25"]
[Round "7"]
[White "Gadimbayli, Abdulla Azar"]
[Black "Gokerkan, Cem Kaan"]
[Result "1-0"]
[WhiteElo "2460"]
[BlackElo "2461"]
[PlyCount "79"]
[EventDate "2020.02.19"]
[EventType "swiss"]
[EventRounds "9"]
[EventCountry "RUS"]
[SourceTitle "CBM 195"]
[Source "ChessBase"]
[SourceDate "2020.04.30"]
[SourceVersion "1"]
[SourceVersionDate "2020.04.30"]
[SourceQuality "1"]

1. e4 c5 2. Nf3 d6 3. Bb5+ Nd7 4. O-O a6 5. Be2 Ngf6 6. d3 e6 7. a4 Be7 8. a5
O-O 9. Nc3 Nb8 10. e5 Ne8 11. exd6 Nxd6 12. d4 cxd4 13. Nxd4 e5 14. Nb3 Nc6 15.
Nd5 Be6 16. Nb6 Nxa5 17. Nxa8 Nxb3 18. cxb3 Qxa8 19. Bg5 f6 20. Be3 Rd8 21. Bb6
Rd7 22. Rc1 Bd8 23. Bc5 Be7 24. Bxd6 Rxd6 25. Qc2 Rd4 26. Rfd1 Rf4 27. Qc7 Kf8
28. Bc4 Bg4 29. f3 Bf5 30. Rd2 b5 31. Bd5 Qd8 32. Qxd8+ Bxd8 33. Rc6 Ba5 34.
Rd1 Rd4 35. Rxd4 exd4 36. Be4 Bxe4 37. fxe4 Bd2 38. Rxa6 Bc1 39. Rb6 Ke7 40.
Kf1 1-0

[Event "Moscow Aeroflot op-A"]
[Site "Moscow"]
[Date "2020.02.25"]
[Round "7"]
[White "Grigoriants, Sergey"]
[Black "Sunilduth Lyna, Narayanan"]
[Result "1-0"]
[WhiteElo "2539"]
[BlackElo "2637"]
[PlyCount "115"]
[EventDate "2020.02.19"]
[EventType "swiss"]
[EventRounds "9"]
[EventCountry "RUS"]
[SourceTitle "CBM 195"]
[Source "ChessBase"]
[SourceDate "2020.04.30"]
[SourceVersion "1"]
[SourceVersionDate "2020.04.30"]
[SourceQuality "1"]

1. e4 e5 2. Nf3 Nc6 3. Bb5 a6 4. Ba4 Bc5 5. c3 Nge7 6. O-O Ng6 7. d4 Ba7 8. Bg5
f6 9. Be3 O-O 10. Nbd2 d6 11. Re1 Kh8 12. h3 Qe7 13. Nf1 Nd8 14. Ng3 Ne6 15. h4
Qf7 16. Bb3 Qe8 17. Qd2 Bd7 18. Rad1 Rd8 19. h5 Ngf4 20. h6 Qg6 21. hxg7+ Qxg7
22. Bxe6 Bxe6 23. Bxf4 exf4 24. Qxf4 Rg8 25. b3 Rdf8 26. Nh4 Qg5 27. Qxg5 fxg5
28. Nhf5 g4 29. Kf1 Rg5 30. Ne3 a5 31. Ke2 a4 32. d5 Bd7 33. Rh1 Rf4 34. Rh6
Rg6 35. Rdh1 Rxh6 36. Rxh6 axb3 37. axb3 Bb5+ 38. c4 Be8 39. Re6 Bg6 40. Ngf5
Bxf5 41. exf5 Bxe3 42. Kxe3 Rxf5 43. Re8+ Kg7 44. Re7+ Kg6 45. Rxc7 h5 46. f3
gxf3 47. gxf3 h4 48. Kf2 h3 49. Kg3 Rh5 50. Kh2 Rf5 51. Rxb7 Rxf3 52. Rb6 Kf5
53. Rxd6 Rxb3 54. c5 Kg4 55. Rg6+ Kh4 56. d6 Rb2+ 57. Kh1 Rd2 58. Rg1 1-0

[Event "Moscow Aeroflot op-A"]
[Site "Moscow"]
[Date "2020.02.25"]
[Round "7"]
[White "Kardashevskiy, Evgeny"]
[Black "Ivic, Velimir"]
[Result "1-0"]
[WhiteElo "2437"]
[BlackElo "2558"]
[PlyCount "94"]
[EventDate "2020.02.19"]
[EventType "swiss"]
[EventRounds "9"]
[EventCountry "RUS"]
[SourceTitle "CBM 195"]
[Source "ChessBase"]
[SourceDate "2020.04.30"]
[SourceVersion "1"]
[SourceVersionDate "2020.04.30"]
[SourceQuality "1"]

1. d4 Nf6 2. Nf3 g6 3. c4 Bg7 4. g3 O-O 5. Bg2 d6 6. O-O c6 7. Nc3 Bf5 8. Ne1
Be6 9. d5 cxd5 10. cxd5 Bd7 11. Nd3 Na6 12. h3 Qc8 13. Kh2 b5 14. a3 Qb7 15. e4
b4 16. axb4 Nxb4 17. e5 dxe5 18. Nxe5 Rad8 19. Qb3 a5 20. Rxa5 Qc7 21. Qxb4
Qxe5 22. Bf4 Qh5 23. f3 g5 24. d6 Rb8 25. Qa3 e5 26. Bxe5 Rfe8 27. Bxf6 Bxf6
28. Ne4 Qh6 29. Nxf6+ Qxf6 30. Qc3 Qxc3 31. bxc3 Re2 32. Rxg5+ Kf8 33. g4 Rbb2
34. Rg1 Red2 35. Kg3 f5 36. Bf1 Rb1 37. Rg8+ Kxg8 38. Bc4+ Kg7 39. Rxb1 Rxd6
40. Rb7 Kg6 41. Bb5 Bxb5 42. Rxb5 fxg4 43. hxg4 Rc6 44. Rb3 h5 45. gxh5+ Kxh5
46. Kf4 Kh4 47. Ke5 Kg3 1-0